000 00379nam a2200157Ia 4500
003 GCL
008 140319s9999 xx 000 0 eng d
040 _aGCL /
_cGCL
082 0 4 _a639.34
_bM Y
100 1 _aMILLS, DICK
245 1 0 _aYOU AND YOUR AQUARIUM /
_cMILLS, DICK
260 _a[S.N] :
_bDORLING KINDERSLEY
300 _a288 P
650 0 4 _aAQUARIUMS
942 _2ddc
_cBK
999 _c10482
_d10482